000 00483 a2200145 4500
020 _a07168101
082 _a700.452.042
_bE77e
100 _a Iriarte, Elvira Maria y Ortega, Eliana
_91217
245 _aEspejos que dejan ver
_bmujeres en las artes visulaes latinoamericanas
260 _aChile
_bIsis Internacional
_c2002
300 _a296 p
_bill (col)
_c24 cm
650 _amujeres en el arte
_zlatinoamerica
_91218
700 _aElvira Maria Iriarte
_91219
700 _aEliana Ortega
_91220
999 _c265
_d265